Chorvátsky prístup nášmu turizmu uškodí

Ekonomické podmienky a stratégia rozvoja cestovného ruchu Chorvátska a Slovenska.

Na minha lista:
Detalhes bibliográficos
Autor principal: Fodranová, Iveta, 1959-
Formato: Capítulo de Livro
Idioma:eslovaco
Assuntos:
Tags: Adicionar Tag
Sem tags, seja o primeiro a adicionar uma tag!

MARC

LEADER 00000naa a2200000 4500
001 0175204
005 20240502073004.2
041 0 |a slo 
044 |a SK 
245 1 0 |a Chorvátsky prístup nášmu turizmu uškodí  |c Iveta Fodranová 
520 |a Ekonomické podmienky a stratégia rozvoja cestovného ruchu Chorvátska a Slovenska. 
610 2 0 |a Slovensko 
610 2 0 |a Chorvátsko 
610 2 0 |a ruch cestovný 
610 2 0 |a služby doplnkové 
100 1 |a Fodranová, Iveta, 1959-